Between two worlds <a> multicultural and multilingual anthology
Saved in:
| Main Author: | |
|---|---|
| Format: | Book |
| Language: | English |
| Published: |
Bloomington
iUniverse
2015
|
| Edition: | 3rd ed. |
| Series: | Fiction - Anthologies
|
| Subjects: | |
| Tags: |
No Tags, Be the first to tag this record!
|
MARC
| LEADER | 00000nam a2200000 4500 | ||
|---|---|---|---|
| 001 | 0222376 | ||
| 005 | 20231215114617.4 | ||
| 020 | |a 978-1-4917-8112-8 | ||
| 041 | 0 | |a eng | |
| 044 | |a US | ||
| 245 | 1 | 0 | |a Between two worlds |b <a> multicultural and multilingual anthology |c Alan Hidalgo |
| 250 | |a 3rd ed. | ||
| 264 | 1 | |a Bloomington |b iUniverse |c 2015 | |
| 300 | |a 686 s. | ||
| 490 | 1 | |a Fiction - Anthologies | |
| 830 | 0 | |a Fiction - Anthologies | |
| 610 | 2 | 0 | |a literatúra |
| 610 | 2 | 0 | |a multikulturalizmus |
| 610 | 2 | 0 | |a jazyky cudzie |
| 610 | 2 | 0 | |a mládež |
| 610 | 2 | 0 | |a zvyklosti kultúrne |
| 610 | 2 | 0 | |a konflikty etnické |
| 610 | 2 | 0 | |a štýl životný |
| 100 | 1 | |a Hidalgo, Alan | |